Fault line - Gracie Abrams - Statistics

General Stats
  • This quiz has been taken 36 times
  • The average score is 198 of 228
Answer Stats
Hint Answer % Correct
a
100%
I
100%
I'm
100%
i'm
100%
fault
95%
it
95%
know
95%
line
95%
the
95%
to
95%
when
95%
When
95%
Verse 1 | Verse 2 You
95%
you?
95%
you
95%
you're
95%
You're
95%
and
89%
Bridge And
89%
break
89%
I'll
89%
that
89%
too
89%
at
84%
back
84%
bad
84%
but
84%
Chorus But
84%
could
84%
Crackin'
84%
does
84%
down
84%
drug
84%
even
84%
fall
84%
feel
84%
feelin'
84%
forget
84%
go
84%
happens
84%
hold
84%
holiday
84%
in
84%
leavin'
84%
of
84%
road
84%
same
84%
shock
84%
take
84%
time
84%
up
84%
want
84%
won't
84%
how
79%
into
79%
would
79%
Wouldn't
79%
all
74%
are
74%
arms
74%
friends
74%
I'd
74%
imaginary
74%
my
74%
right
74%
run
74%
scared
74%
will
74%
another
68%
away
68%
each
68%
Finish
68%
If
68%
left
68%
lightyears
68%
met
68%
other
68%
overnight
68%
today
68%
bed
63%
bedroom
63%
cried
63%
gone
63%
hurtin'
63%
I've
63%
our
63%
pretend
63%
recover
63%
sooner
63%
them
63%
this
63%
nights
58%
Most
53%
No matching quizzes found
Score Distribution
Percent of People with Each Score
Percentile by Number Answered
Your Score History
You have not taken this quiz